Sixth sense: An inquiry into extra sensory perception (Record no. 33019)
[ view plain ]
| 000 -LEADER | |
|---|---|
| fixed length control field | 00325nam a2200121Ia 4500 |
| 082 ## - DEWEY DECIMAL CLASSIFICATION NUMBER | |
| Classification number | 159.93 |
| Item number | HEY |
| 100 ## - MAIN ENTRY--AUTHOR NAME | |
| Personal name | Heywood, Rosalind |
| 245 #0 - TITLE STATEMENT | |
| Title | Sixth sense: An inquiry into extra sensory perception |
| 260 ## - PUBLICATION, DISTRIBUTION, ETC. (IMPRINT) | |
| Place of publication | England |
| Name of publisher | Penguin |
| Year of publication | 1959 |
| 650 ## - SUBJECT ADDED ENTRY--TOPICAL TERM | |
| Topical Term | Psychology |
| 942 ## - ADDED ENTRY ELEMENTS (KOHA) | |
| Koha item type | Books |
| Withdrawn status | Lost status | Damaged status | Not for loan | Home library | Current library | Date acquired | Cost, normal purchase price | Full call number | Accession Number | Koha item type |
|---|---|---|---|---|---|---|---|---|---|---|
| RRII Library | RRII Library | 16/12/2021 | 0.95 | 159.93 HEY | 13520 | Books |